00716 2200265 4500001002100000005001500021035002000036008004100056020001800097041000700115082001600122090001700138100001400155700001400169700001600183245007400199260005400273300002600327650000900353650001200362650001000374084002200384856002800406990001600434BPTPJI0000000000030120220726020529 a0010-0120000301220726 | | ind  a979-540-014-2 aid a633.18(594) a633.18 FAG a0 aFAGI. A.M0 aIrsal Las0 aHamdan Pane1 aAnomali Iklim dan Produksi Padi Strategi dan Atisipasi Penanggulangan aSukamandi :bBalai Penelitian Tanaman Padi,c2002 a41p. :bilus ;c24 cm 4apadi 4aanomali 4aiklim a633.18(594) FAG a aPerpustakaan BPTP Jatim a00000000994